01075nam a2200277 a 4500001001200000003000800012006001900020007001500039008004100054040002100095035002100116050002300137245007800160260005400238300001800292490004200310500002900352533015200381650002800533650002300561650002400584655002900608710001700637856012600654999001700780ebr10041241CaPaEBRm u cr cn|||||||||090804s2003 maua s 000 0 eng d aCaPaEBRcCaPaEBR a(OCoLC)44866194214aT58.5b.I54 2003eb00aInformationh[electronic resource] :bgetting, protecting and using data. aBoston, Mass. :bTechnology Research News,c2003. a14 p. :bill.0 aTRN topic bundle ;vJan. to June 2003 aTwo columns to the page. aElectronic reproduction.bPalo Alto, Calif. :cebrary,d2009.nAvailable via World Wide Web.nAccess may be limited to ebrary affiliated libraries. 0aInformation technology. 0aComputer security. 0aInternet searching. 7aElectronic books.2local2 aebrary, Inc.40uhttp://site.ebrary.com/lib/rucke/Doc?id=10041241zAn electronic book accessible through the World Wide Web; click to view c61072d61072